Statistics for NCAA Football Team Name Vocabulary

Click here to take the quiz!

General Stats

  • This quiz has been taken 16,161 times
    (10,938 since last reset)
  • The average score is 14 of 20

Answer Stats

DefinitionTeam Name% Correct
Tropical storms in the North AtlanticHurricanes
92%
Sled dogsHuskies
90%
Texas cattle breedLonghorns
89%
Citizens of TroyTrojans
83%
BisonBuffaloes
80%
Fighting roostersGamecocks
79%
Buckin' horsesBroncos
75%
Speedy land birds of the desertRoadrunners
74%
Mountain lionsCougars
72%
Revolutionary War militiamen ready
to fight on short notice
Minutemen
72%
Feral pigs of North AmericaRazorbacks
69%
Short for "agricultural college"Aggies
67%
Craftsmen who weld steel pipes and boilersBoilermakers
67%
Generic low-pressure spinning stormsCyclones
64%
Feral horses of the American WestMustangs
64%
People who deface propertyVandals
63%
Cadets in a Naval academyMidshipmen
62%
Type of small, edible turtleTerrapins
59%
Old-fashioned term for brown bearsBruins
43%
People who claimed land before the
land rush officially started
Sooners
41%

Score Distribution

Percentile by Number Answered

Percent of People with Each Score

Your Score History

You have not taken this quiz since the last reset